| 000 | 00630nam a2200241Ia 4500 | ||
|---|---|---|---|
| 003 | OSt | ||
| 005 | 20221005043302.0 | ||
| 006 | a|||||r|||| 00| 0 | ||
| 007 | ta | ||
| 008 | 221004b |||||||| |||| 00| 0 eng d | ||
| 024 | _a28885 | ||
| 037 | _cTextual | ||
| 040 |
_aCRL _cCRL _beng |
||
| 041 |
_2eng _aeng |
||
| 082 | _aG1133, M5 | ||
| 100 |
_aGribbin John _9453116 |
||
| 245 | 0 |
_aIn search of the double helix _b Darwin, Dna and beyond |
|
| 260 |
_aEngland _bWildwood _c1985 |
||
| 300 |
_a369p _ccm. |
||
| 650 | _aBIOLOGY | ||
| 942 |
_hG1133, M5 _cTEXL _2cc |
||
| 999 |
_c951586 _d951586 |
||